[Event "Lichtenberger Sommer 2017"]
[Site "Berlin"]
[Date "2017.08.26"]
[Round "8.79"]
[White "Tedesco, Gennaro"]
[Black "Matthes, Benjamin"]
[Result "0-1"]
[WhiteElo "1613"]
[BlackElo "1879"]
[PlyCount "62"]
[EventDate "2017.??.??"]
[WhiteTeam "SC Kreuzberg"]
[BlackTeam "SC Oranienburg"]

1. d4 d5 2. c4 e6 3. Nf3 c5 4. g3 cxd4 5. Bg2 Bb4+ 6. Bd2 Bc5 7. Qc2 Na6 8. O-O
Nf6 9. a3 dxc4 10. Qxc4 O-O 11. b4 Bb6 12. Bg5 h6 13. Bf4 Nd5 14. Be5 Bd7 15.
Bxd4 Rc8 16. Qd3 Bxd4 17. Nxd4 Qf6 18. Bxd5 exd5 19. Nd2 Nc7 20. N2b3 Ne6 21.
Nxe6 fxe6 22. Qd4 e5 23. Qxa7 Bh3 24. Rfd1 d4 25. f3 Rc3 26. Nd2 Qg5 27. Ne4
Qe3+ 28. Kh1 Rc2 29. Qxb7 Rxe2 30. Qd5+ Kh8 31. Rf1 Bg2# 0-1

[Event "Lichtenberger Sommer 2017"]
[Site "Berlin"]
[Date "2017.08.26"]
[Round "8.80"]
[White "Winkler, Michael"]
[Black "Mayer, Herbert"]
[Result "0-1"]
[WhiteElo "1690"]
[BlackElo "1867"]
[PlyCount "70"]
[EventDate "2017.??.??"]
[WhiteTeam "ESV Eberswalde"]
[BlackTeam "SC Rochade (Berlin)"]

1. d4 d5 2. c4 dxc4 3. e4 e5 4. d5 f5 5. Bxc4 Nf6 6. Bg5 fxe4 7. Nc3 Bf5 8. Qb3
Nbd7 9. Bb5 Bd6 10. Nge2 O-O 11. Bxd7 Qxd7 12. Ng3 Ng4 13. O-O b6 14. Ncxe4 Kh8
15. f3 Nf6 16. Bxf6 gxf6 17. Rac1 Bg6 18. Rc6 Be7 19. Qe3 Rac8 20. Rd1 Kg8 21.
b4 f5 22. Nf2 Bd6 23. Re1 Bf7 24. Qd3 Bg6 25. Qc3 Be8 26. Rc4 b5 27. Rh4 Qe7
28. Rh6 Bg6 29. a3 Qg5 30. Rh3 Rfe8 31. Nd1 Re7 32. f4 Qxf4 33. Rf1 Qg5 34. Ne2
f4 35. Rhf3 Bh5 0-1

[Event "Lichtenberger Sommer 2017"]
[Site "Berlin"]
[Date "2017.08.26"]
[Round "8.81"]
[White "Schauties, Nico Antonio"]
[Black "Fiedler, Ronald"]
[Result "1-0"]
[WhiteElo "1690"]
[BlackElo "1631"]
[PlyCount "97"]
[EventDate "2017.??.??"]
[WhiteTeam "SV Mattnetz Berlin"]
[BlackTeam "Läufer Reinickendorf"]

1. g3 d5 2. Bg2 e5 3. d3 Nf6 4. Nf3 Nc6 5. O-O Be7 6. Nbd2 O-O 7. c4 Be6 8. b3
h6 9. Bb2 Nd7 10. Ne1 Nb6 11. e4 d4 12. f4 f6 13. f5 Bf7 14. a3 a5 15. Bf3 Qe8
16. Ng2 Kh7 17. h4 Rg8 18. h5 Nd7 19. Nh4 Bf8 20. Ng6 Ne7 21. Kg2 Bxg6 22.
hxg6+ Nxg6 23. fxg6+ Qxg6 24. Bh5 Qg5 25. Rf5 Qe3 26. Nf1 g6 27. Nxe3 dxe3 28.
Rf3 gxh5 29. Rxe3 h4 30. Qf3 Rxg3+ 31. Qxg3 hxg3 32. Rxg3 Bc5 33. Rh1 Rg8 34.
Rxh6+ Kxh6 35. Rxg8 Nf8 36. Rg3 Ne6 37. Kf3 Ng5+ 38. Kg4 Kg6 39. Bc1 Ne6 40.
Bd2 Bxa3 41. Bxa5 b6 42. Bc3 Bd6 43. b4 c5 44. b5 Bf8 45. Bd2 Nd4 46. Rg1 Bd6
47. Rh1 f5+ 48. exf5+ Nxf5 49. Rh5 1-0

[Event "Lichtenberger Sommer 2017"]
[Site "Berlin"]
[Date "2017.08.26"]
[Round "8.82"]
[White "Pixa, Ulrich"]
[Black "Wilke, Hans-Peter"]
[Result "1-0"]
[WhiteElo "1598"]
[BlackElo "1540"]
[PlyCount "71"]
[EventDate "2017.??.??"]
[WhiteTeam "SV Mattnetz Berlin"]
[BlackTeam "Läufer Reinickendorf"]

1. e4 c5 2. Nf3 d6 3. d4 cxd4 4. Nxd4 Nf6 5. Nc3 g6 6. f3 Nc6 7. Be3 Bg7 8. Qd2
O-O 9. O-O-O a6 10. Nxc6 bxc6 11. e5 Ne8 12. exd6 exd6 13. Ne4 d5 14. Bc5 Nc7
15. Bxf8 Qxf8 16. Nc3 Bh6 17. f4 Bg4 18. Be2 Be6 19. g4 f5 20. g5 Bg7 21. a3 d4
22. Na4 Qd6 23. Nb6 Rd8 24. Bc4 Bd5 25. Nxd5 cxd5 26. Bb3 Ne6 27. Rhf1 Nc5 28.
Qb4 Rb8 29. Bxd5+ Kf8 30. Qc4 d3 31. c3 Bxc3 32. Qxc3 Qxd5 33. Qh8+ Qg8 34.
Qf6+ Qf7 35. Qd6+ Kg7 36. Qe5+ 1-0

[Event "Lichtenberger Sommer 2017"]
[Site "Berlin"]
[Date "2017.08.26"]
[Round "8.83"]
[White "Matthes, Aaron"]
[Black "Papenhagen, Walter"]
[Result "1/2-1/2"]
[WhiteElo "1736"]
[BlackElo "1584"]
[PlyCount "58"]
[EventDate "2017.??.??"]
[WhiteTeam "SC Oranienburg"]
[BlackTeam "SF Friedrichshagen"]

1. e4 c6 2. d4 d5 3. e5 Bf5 4. Ne2 e6 5. Ng3 Bg6 6. h4 h6 7. h5 Bh7 8. Bd3 Bxd3
9. cxd3 Nd7 10. O-O Qb6 11. Qg4 O-O-O 12. Nc3 Ne7 13. b3 Rg8 14. Na4 Qc7 15. f4
g6 16. Bd2 Nf5 17. Nxf5 exf5 18. Qe2 Re8 19. Rac1 Re6 20. b4 Kb8 21. Nc3 Qb6
22. a3 Be7 23. Na4 Qa6 24. Nc5 Nxc5 25. bxc5 f6 26. hxg6 fxe5 27. Kh1 e4 28.
Rf3 Rexg6 29. Rf2 Rg4 1/2-1/2

[Event "Lichtenberger Sommer 2017"]
[Site "Berlin"]
[Date "2017.08.26"]
[Round "8.84"]
[White "Gräbnitz, Marc-Florian"]
[Black "Udet, Fabian"]
[Result "0-1"]
[WhiteElo "1465"]
[BlackElo "1680"]
[PlyCount "72"]
[EventDate "2017.??.??"]
[WhiteTeam "SC Eintracht Berlin"]
[BlackTeam "1. SC Anhalt"]

1. d4 d5 2. Nf3 Nc6 3. Bf4 Bg4 4. c3 Bxf3 5. exf3 e6 6. g3 Nf6 7. Bg2 Be7 8.
Be3 Qd7 9. Nd2 O-O 10. Bg5 e5 11. dxe5 Nxe5 12. O-O Rfe8 13. Nb3 c6 14. f4 Nc4
15. Bxf6 Bxf6 16. Qc2 Re7 17. Rfe1 Rae8 18. Rxe7 Rxe7 19. Rd1 Qc7 20. Nd2 Nd6
21. Nf3 Ne4 22. Nd4 g6 23. c4 Qb6 24. Bxe4 Rxe4 25. cxd5 Rxd4 26. Rxd4 Qxd4 27.
dxc6 bxc6 28. Qxc6 Kg7 29. Qb7 Qd2 30. Kg2 Bd4 31. Qf3 Qxb2 32. f5 Qxa2 33. g4
Qxf2+ 34. Qxf2 Bxf2 35. Kxf2 gxf5 36. gxf5 Kf6 0-1

[Event "Lichtenberger Sommer 2017"]
[Site "Berlin"]
[Date "2017.08.26"]
[Round "8.85"]
[White "Dittrich, Hans-Georg"]
[Black "Koerber, Bernhard"]
[Result "1-0"]
[WhiteElo "1742"]
[BlackElo "1574"]
[PlyCount "85"]
[EventDate "2017.??.??"]
[WhiteTeam "SG Stadtilm"]
[BlackTeam "Lasker Steglitz-Wilmersdorf"]

1. e4 e6 2. d4 d5 3. Nc3 Bb4 4. exd5 exd5 5. Bd3 Nf6 6. Nge2 O-O 7. O-O Be6 8.
Ng3 Re8 9. a3 Bd6 10. Nce2 c6 11. c3 Qc7 12. Bg5 Nbd7 13. h3 h6 14. Be3 Re7 15.
Nf5 Bxf5 16. Bxf5 Rae8 17. Bd3 b6 18. Qc2 c5 19. c4 dxc4 20. Qxc4 cxd4 21. Qxc7
Bxc7 22. Nxd4 Ne5 23. Bb5 Rd8 24. Rad1 Nd5 25. Nf5 Re6 26. Bc1 Nf6 27. Rxd8+
Bxd8 28. Rd1 Be7 29. Nxe7+ Rxe7 30. Rd8+ Kh7 31. Bd2 Ng6 32. Kf1 Ne4 33. Be3
Rc7 34. a4 f6 35. Rd7 Rxd7 36. Bxd7 Nc5 37. Bxc5 bxc5 38. Bf5 h5 39. Ke2 Kh6
40. Bxg6 Kxg6 41. Kd3 Kf5 42. Kc4 Ke4 43. Kxc5 1-0

[Event "Lichtenberger Sommer 2017"]
[Site "Berlin"]
[Date "2017.08.26"]
[Round "8.86"]
[White "Hömke, Holger"]
[Black "Schiller, Stephan"]
[Result "1/2-1/2"]
[WhiteElo "1540"]
[BlackElo "1584"]
[PlyCount "101"]
[EventDate "2017.??.??"]
[WhiteTeam "SK Zehlendorf"]
[BlackTeam "SV Motor Wildau"]

1. c4 Nf6 2. Nf3 d6 3. d4 g6 4. Nc3 Bg7 5. e4 O-O 6. Be2 Nbd7 7. O-O c5 8. d5
Nb6 9. h3 Qc7 10. Be3 Nfd7 11. Qd2 Ne5 12. Nxe5 Bxe5 13. Bh6 Bg7 14. Bxg7 Kxg7
15. f4 e6 16. Rae1 a6 17. Bd3 f5 18. exf5 exf5 19. Re3 Rf7 20. Rfe1 Qd8 21. Re8
Qf6 22. Kh2 Bd7 23. Rxa8 Nxa8 24. Bc2 b5 25. b3 Nb6 26. Bd3 Qd4 27. Ne2 Qf2 28.
Qd1 Re7 29. Rf1 Qh4 30. Ng3 Qf6 31. Re1 Kf7 32. Rxe7+ Qxe7 33. Qe2 Qxe2 34.
Nxe2 bxc4 35. bxc4 Na4 36. Kg3 Nb2 37. Nc1 Kf6 38. Be2 h6 39. h4 Na4 40. Kf3
Nc3 41. Bd3 g5 42. hxg5+ hxg5 43. g3 g4+ 44. Ke3 Nd1+ 45. Kd2 Nb2 46. Be2 Na4
47. Nb3 Nb6 48. Kc3 Na4+ 49. Kd2 Nb6 50. Kc3 Na4+ 51. Kd2 1/2-1/2

[Event "Lichtenberger Sommer 2017"]
[Site "Berlin"]
[Date "2017.08.26"]
[Round "8.87"]
[White "Ho, Ngoc Hai-Dang"]
[Black "Timm, Christian"]
[Result "0-1"]
[WhiteElo "1499"]
[BlackElo "1605"]
[PlyCount "76"]
[EventDate "2017.??.??"]
[WhiteTeam "SF Friedrichshagen"]
[BlackTeam "SV Königsspringer"]

1. e4 e6 2. d4 Be7 3. Nc3 d6 4. Nf3 b6 5. Bd3 Nf6 6. O-O O-O 7. Re1 Bb7 8. d5
e5 9. h3 Nbd7 10. Nh2 Nc5 11. b4 Nxd3 12. Qxd3 c5 13. b5 a6 14. a4 axb5 15.
Nxb5 Ba6 16. c4 Bxb5 17. cxb5 Ra7 18. Re2 Qc7 19. Qc4 Rfa8 20. Rea2 Nh5 21. g3
Qd7 22. Kg2 f5 23. Bd2 fxe4 24. Qxe4 Nf6 25. Qc4 Qb7 26. Bg5 Qxd5+ 27. Qxd5+
Nxd5 28. Bxe7 Nxe7 29. Nf1 d5 30. Kf3 Rf8+ 31. Ke2 e4 32. Ne3 d4 33. Nc4 Nd5
34. Ra3 Raf7 35. Rf1 Nc3+ 36. Rxc3 dxc3 37. Nxb6 c2 38. Nc4 Rxf2+ 0-1

[Event "Lichtenberger Sommer 2017"]
[Site "Berlin"]
[Date "2017.08.26"]
[Round "8.88"]
[White "Kujawa, Werner"]
[Black "Krüger, Antje-Christine"]
[Result "1-0"]
[WhiteElo "1756"]
[BlackElo "1505"]
[PlyCount "75"]
[EventDate "2017.??.??"]
[WhiteTeam "SV Motor Wildau"]
[BlackTeam "TSG Fredersdorf/Vogelsdorf"]

1. d4 Nf6 2. c4 g6 3. Nc3 Bg7 4. e4 d6 5. Nf3 O-O 6. Be2 Nbd7 7. O-O c5 8. d5
Nb6 9. h3 Nfd7 10. a4 Nb8 11. a5 N6d7 12. Ne1 Ne5 13. f4 Ned7 14. Be3 Na6 15.
Nd3 Nf6 16. Bf3 Bd7 17. Qd2 Ne8 18. Qf2 b6 19. axb6 axb6 20. e5 Bf5 21. Be4
Bxe4 22. Nxe4 Nec7 23. exd6 exd6 24. f5 Bf6 25. Qg3 Qe7 26. Nxf6+ Qxf6 27. Bg5
Qd4+ 28. Kh1 Qxc4 29. Nf4 Nxd5 30. Nxd5 Qxd5 31. Rad1 Qe5 32. Bf4 Qe2 33. Rfe1
Qc2 34. Bxd6 Rfd8 35. f6 h6 36. Qh4 Kh7 37. Bf4 h5 38. Qg5 1-0

[Event "Lichtenberger Sommer 2017"]
[Site "Berlin"]
[Date "2017.08.26"]
[Round "8.89"]
[White "Mueller, Jörg René"]
[Black "Ellert, Stefan"]
[Result "1/2-1/2"]
[WhiteElo "1553"]
[BlackElo "1355"]
[PlyCount "130"]
[EventDate "2017.??.??"]
[WhiteTeam "SC Zugzwang 95 (Berlin)"]
[BlackTeam "SV Empor Berlin"]

1. f4 Nf6 2. c4 Nc6 3. Nf3 d5 4. cxd5 Nxd5 5. e4 Nxf4 6. d3 Ng6 7. Be2 e5 8.
O-O Bc5+ 9. Kh1 Be6 10. Ng5 Qd7 11. Nxe6 Qxe6 12. Bg4 Qd6 13. Nc3 a6 14. Nd5
Nge7 15. Qf3 O-O 16. Bg5 Nxd5 17. exd5 Nd4 18. Qe4 h6 19. Be3 Rad8 20. Rae1 Bb6
21. Bxd4 Bxd4 22. b3 Bb6 23. Rf3 Qxd5 24. Qxd5 Rxd5 25. Bf5 Rd6 26. Be4 c6 27.
h3 g6 28. g4 Kg7 29. Kg2 Bd4 30. Ref1 f6 31. h4 b6 32. Rc1 c5 33. Rc2 Rb8 34.
a3 Rf8 35. Kh3 f5 36. gxf5 gxf5 37. Rg2+ Rg6 38. Bxf5 Rxg2 39. Kxg2 Rf6 40. h5
b5 41. Kf1 a5 42. Ke2 a4 43. bxa4 bxa4 44. Kd1 Be3 45. Kc2 Bf4 46. Be4 Bg5 47.
Kc3 Rxf3 48. Bxf3 Bc1 49. Bc6 Bxa3 50. Bxa4 Kf6 51. Bb5 Kg5 52. Be8 Kf5 53.
Bg6+ Ke6 54. Kc4 Kd6 55. Be4 Bb2 56. Bg6 Bd4 57. Be4 Ke6 58. Bg6 Kf6 59. Kd5
Kg5 60. Ke6 Kf4 61. Kf7 Ke3 62. Bf5 Kf4 63. Kg6 c4 64. dxc4 e4 65. Bxe4 Kxe4
1/2-1/2

[Event "Lichtenberger Sommer 2017"]
[Site "Berlin"]
[Date "2017.08.26"]
[Round "8.90"]
[White "Bastian, Reinhard"]
[Black "Kossueva, Aminat"]
[Result "1-0"]
[WhiteElo "1675"]
[BlackElo "1037"]
[PlyCount "67"]
[EventDate "2017.??.??"]
[WhiteTeam "vereinslos"]
[BlackTeam "SC Friesen Lichtenberg"]

1. e4 c5 2. Nc3 g6 3. f4 Bg7 4. Nf3 d6 5. Bc4 Nf6 6. d3 O-O 7. O-O Nc6 8. Qe1
e5 9. Qh4 Nh5 10. f5 Qxh4 11. Nxh4 Nf6 12. fxg6 hxg6 13. Nxg6 Re8 14. Bg5 Be6
15. Bxf6 Bxc4 16. Nh4 Bxf6 17. Rxf6 Be6 18. Nd5 Kg7 19. Raf1 Rac8 20. R1f3 Ne7
21. Nxe7 Rxe7 22. b3 a6 23. Rf2 b5 24. c4 Rb8 25. R6f3 bxc4 26. dxc4 Rg8 27.
Nf5+ Bxf5 28. Rxf5 Kf8 29. Rf6 Rd7 30. Re6 Rg4 31. Rff6 Rxe4 32. Rxd6 Ra7 33.
Rxa6 Ke7 34. Rxf7+ 1-0

[Event "Lichtenberger Sommer 2017"]
[Site "Berlin"]
[Date "2017.08.26"]
[Round "8.92"]
[White "Klühs, Gustaf"]
[Black "Stark, Steven"]
[Result "1-0"]
[WhiteElo "1680"]
[BlackElo "1474"]
[PlyCount "57"]
[EventDate "2017.??.??"]
[WhiteTeam "Borussia Friedrichsfelde"]
[BlackTeam "BSC Rehberge"]

1. Nf3 g6 2. g3 Bg7 3. Bg2 e6 4. O-O c6 5. e4 Qb6 6. c3 Na6 7. d4 d5 8. e5 Bd7
9. Qe2 Ne7 10. b4 O-O-O 11. Nbd2 h6 12. Nb3 Kb8 13. Re1 Rdf8 14. Nc5 Nxc5 15.
bxc5 Qa5 16. Qc2 a6 17. Bd2 Qd8 18. Rab1 Bc8 19. Bf1 Ka8 20. Rb6 Ka7 21. Reb1
Qd7 22. Ne1 f6 23. exf6 Rxf6 24. Nd3 Nf5 25. Qa4 Rf7 26. Nb4 Nd6 27. Nxa6 bxa6
28. Bxa6 Bxa6 29. Qxa6# 1-0

[Event "Lichtenberger Sommer 2017"]
[Site "Berlin"]
[Date "2017.08.26"]
[Round "8.93"]
[White "Wolfram, Mike"]
[Black "Stuckstedte, Hermann"]
[Result "0-1"]
[WhiteElo "1550"]
[BlackElo "1564"]
[PlyCount "76"]
[EventDate "2017.??.??"]
[WhiteTeam "vereinslos"]
[BlackTeam "Königsjäger Süd-West"]

1. e4 d6 2. Bc4 Nf6 3. Nc3 Nbd7 4. Nf3 h6 5. O-O e5 6. d4 c6 7. dxe5 dxe5 8.
Be3 Be7 9. Qe2 Qc7 10. h3 Nf8 11. Rad1 Ng6 12. Nd2 O-O 13. Rfe1 b5 14. Bb3 a5
15. a3 b4 16. axb4 axb4 17. Na4 Ba6 18. Qf3 c5 19. Bd5 Nxd5 20. exd5 f5 21. Qh5
Rf6 22. Nf3 Bb5 23. b3 Be8 24. Nh4 Nxh4 25. Qxh4 f4 26. Bxc5 Bxc5 27. Nxc5 Qxc5
28. Rxe5 Qxc2 29. Rde1 Bg6 30. Qg4 Qxb3 31. Qd7 Rf7 32. Re7 Rxe7 33. Rxe7 Qc3
34. Qe6+ Kh7 35. d6 b3 36. d7 b2 37. Re8 b1=Q+ 38. Kh2 Bxe8 0-1

[Event "Lichtenberger Sommer 2017"]
[Site "Berlin"]
[Date "2017.08.26"]
[Round "8.94"]
[White "Kaufmann, Matthias"]
[Black "Roloff, Karsten"]
[Result "1-0"]
[WhiteElo "1516"]
[BlackElo "1588"]
[PlyCount "61"]
[EventDate "2017.??.??"]
[WhiteTeam "vereinslos"]
[BlackTeam "Königsjäger Süd-West"]

1. d4 e6 2. c4 d5 3. cxd5 exd5 4. Nf3 Bf5 5. e3 Nf6 6. Bd3 Bxd3 7. Qxd3 c6 8.
O-O Bd6 9. b3 O-O 10. Ba3 Bxa3 11. Nxa3 Nbd7 12. Rac1 Qa5 13. Nc2 Ne4 14. a3
Qb6 15. Rfe1 a5 16. Nd2 Nxd2 17. Qxd2 Nf6 18. Rb1 Ne4 19. Qd3 Qa6 20. Qxa6 Rxa6
21. b4 Nc3 22. Rb3 Nb5 23. a4 Nd6 24. b5 Rb6 25. Reb1 Rc8 26. Rc3 Ne4 27. Rc5
Nd6 28. Na3 Kf8 29. f3 Nf5 30. Kf2 Nd6 31. Rbc1 1-0

[Event "Lichtenberger Sommer 2017"]
[Site "Berlin"]
[Date "2017.08.26"]
[Round "8.95"]
[White "Freude, Max"]
[Black "Lippianowski, Stefan"]
[Result "1-0"]
[WhiteElo "1416"]
[BlackElo "1106"]
[PlyCount "83"]
[EventDate "2017.??.??"]
[WhiteTeam "SV Empor Berlin"]
[BlackTeam "SV Mattnetz Berlin"]

1. d4 d5 2. Nf3 Nc6 3. c4 Nf6 4. Nc3 e6 5. e3 Bd6 6. Nb5 Bb4+ 7. Bd2 a6 8. Nc3
Na5 9. Qa4+ Nc6 10. Ne5 O-O 11. Nxc6 bxc6 12. Qxb4 a5 13. Qa4 Bd7 14. Qc2 g6
15. cxd5 cxd5 16. Rc1 c6 17. Na4 Ne4 18. Nc5 Ng5 19. Nxd7 Qxd7 20. Qxc6 Qd8 21.
Qc7 Qf6 22. Qe5 Qe7 23. f3 Rab8 24. h4 f6 25. Qc7 Qxc7 26. Rxc7 Nf7 27. Rc2 h5
28. Rg1 f5 29. g4 Nh6 30. gxh5 Kh8 31. Rxg6 Nf7 32. Rxe6 Kg7 33. Bd3 Rh8 34.
h6+ Nxh6 35. Rc7+ Nf7 36. Ree7 Rbf8 37. Bxf5 Rxh4 38. Be6 Rh1+ 39. Ke2 Rh2+ 40.
Kd3 Kf6 41. Rxf7+ Rxf7 42. Bxf7 1-0

[Event "Lichtenberger Sommer 2017"]
[Site "Berlin"]
[Date "2017.08.26"]
[Round "8.96"]
[White "David, Daniel"]
[Black "Kultscher, Christian"]
[Result "1-0"]
[WhiteElo "1392"]
[BlackElo "1257"]
[PlyCount "121"]
[EventDate "2017.??.??"]
[WhiteTeam "SC Erkrath"]
[BlackTeam "1. SC Anhalt"]

1. e4 c5 2. Nf3 Nc6 3. d4 cxd4 4. Nxd4 e5 5. Nxc6 bxc6 6. Nc3 Bc5 7. Bd3 Qf6 8.
O-O Nh6 9. Na4 Bb6 10. Nxb6 axb6 11. c4 d6 12. Be2 O-O 13. Be3 c5 14. Qd5 Qg6
15. Bxh6 Bh3 16. Bf3 gxh6 17. Rfd1 Rfd8 18. Qd3 h5 19. Kh1 Bg4 20. h3 Bxf3 21.
Qxf3 Qe6 22. b3 Qg6 23. Rd3 Kh8 24. Qd1 Rg8 25. Qf3 Rgf8 26. a4 Rad8 27. Rad1
f5 28. exf5 Rxf5 29. Qe3 h4 30. Qd2 Rf6 31. f3 Qh6 32. Qxh6 Rxh6 33. Rd5 Rf6
34. Rxe5 dxe5 35. Rxd8+ Kg7 36. Re8 Rf5 37. Re6 h5 38. Rxb6 e4 39. fxe4 Rf1+
40. Kh2 Re1 41. a5 Rxe4 42. a6 Re8 43. Rb7+ Kf6 44. a7 Ra8 45. Rc7 Ke6 46. Rxc5
Rxa7 47. Rxh5 Rb7 48. Rxh4 Rxb3 49. Rg4 Kf5 50. Rg3 Rb8 51. c5 Rc8 52. Rc3 Ke4
53. c6 Kd4 54. Rc1 Ke3 55. c7 Kf2 56. g4 Kf3 57. Rc4 Re8 58. Rc2 Ke3 59. c8=Q
Re4 60. Qc5+ Kf4 61. Rf2# 1-0

[Event "Lichtenberger Sommer 2017"]
[Site "Berlin"]
[Date "2017.08.26"]
[Round "8.97"]
[White "Paris, Gerhard"]
[Black "Lange, Malina"]
[Result "1/2-1/2"]
[WhiteElo "1486"]
[BlackElo "1579"]
[PlyCount "152"]
[EventDate "2017.??.??"]
[WhiteTeam "TSG Oberschöneweide"]
[BlackTeam "TuS Makkabi Berlin"]

1. e4 e5 2. Nc3 Bc5 3. Nf3 Nc6 4. Bc4 Nf6 5. d3 d6 6. Bg5 Be6 7. Bxe6 fxe6 8.
Qd2 O-O 9. O-O-O a5 10. h4 Qb8 11. Na4 b5 12. Nxc5 dxc5 13. Bxf6 Rxf6 14. h5 a4
15. h6 g6 16. Qg5 Rf8 17. Nxe5 Nxe5 18. Qxe5 Rf7 19. Qxe6 Qb6 20. Qxb6 cxb6 21.
f3 c4 22. dxc4 bxc4 23. Rd6 Rb7 24. Rhd1 Rbb8 25. Rd7 b5 26. Rg7+ Kh8 27. Rdd7
Rd8 28. e5 Rxd7 29. Rxd7 Re8 30. e6 Kg8 31. Rg7+ Kf8 32. Rf7+ Kg8 33. Rb7 Rxe6
34. Rxb5 Re2 35. Rc5 Rxg2 36. Rxc4 a3 37. bxa3 Rg5 38. Rc8+ Kf7 39. Rh8 Rh5 40.
Rxh7+ Kg8 41. Rg7+ Kh8 42. Rxg6 Rf5 43. Rg3 Rh5 44. Kd2 Rxh6 45. f4 Rd6+ 46.
Rd3 Rf6 47. Rd4 Kg7 48. Ke3 Kg6 49. c4 Ra6 50. Rd3 Kf5 51. Kf3 Ra4 52. Rd5+ Kf6
53. Ke4 Rxc4+ 54. Rd4 Rc6 55. a4 Ra6 56. a3 Ke6 57. Rb4 Kf6 58. Kd5 Ke7 59. Kc5
Kd7 60. Kb5 Rf6 61. a5 Kc7 62. a6 Kb8 63. Ka5+ Ka8 64. Re4 Rf5+ 65. Kb6 Rf6+
66. Kb5 Rf5+ 67. Re5 Rxf4 68. Re8+ Ka7 69. Re7+ Ka8 70. Rc7 Rf5+ 71. Rc5 Rxc5+
72. Kxc5 Ka7 73. Kb5 Ka8 74. a4 Ka7 75. a5 Ka8 76. Kb6 Kb8 1/2-1/2

[Event "Lichtenberger Sommer 2017"]
[Site "Berlin"]
[Date "2017.08.26"]
[Round "8.98"]
[White "Tschirschwitz, Stephan"]
[Black "Gläsmann, Christian"]
[Result "1-0"]
[WhiteElo "1584"]
[BlackElo "1472"]
[PlyCount "141"]
[EventDate "2017.??.??"]
[WhiteTeam "Lasker Steglitz-Wilmersdorf"]
[BlackTeam "SC Erkrath"]

1. d4 d6 2. e4 g6 3. Nf3 Bg7 4. Be3 Nf6 5. e5 dxe5 6. Nxe5 O-O 7. Bd3 Nbd7 8.
Nxd7 Bxd7 9. f3 Nd5 10. Bf2 Nf4 11. O-O a6 12. Be4 Rb8 13. c3 Bb5 14. Re1 c5
15. Na3 Bc6 16. Be3 Bh6 17. d5 Bd7 18. Bxc5 Bg7 19. Bc2 Re8 20. Qd2 Bh6 21. Be3
g5 22. Rad1 b5 23. Qd4 Bg7 24. Qd2 Bh6 25. Qf2 Qc7 26. Kh1 f5 27. Bc5 g4 28. g3
Nh3 29. Qd4 Bg7 30. Bb3 Kh8 31. Qe3 e6 32. dxe6 Bc6 33. Bd5 f4 34. Qe4 Bxd5 35.
Rxd5 Qxc5 36. Rxc5 Nf2+ 37. Kg2 Nxe4 38. Rxe4 gxf3+ 39. Kxf3 fxg3 40. Kxg3 Bf8
41. Rc6 Ra8 42. Nc2 a5 43. Nd4 b4 44. c4 Rac8 45. Rxc8 Rxc8 46. Nf5 Re8 47. e7
Bg7 48. Nxg7 Kxg7 49. c5 Kf7 50. Kf4 Rxe7 51. Rxe7+ Kxe7 52. Ke5 Kd7 53. b3 Kc6
54. Kd4 h5 55. h4 Kc7 56. Kd5 Kc8 57. Kc6 a4 58. bxa4 b3 59. axb3 Kb8 60. Kd7
Kb7 61. c6+ Kb8 62. c7+ Ka7 63. c8=Q Kb6 64. b4 Ka7 65. Qc7+ Ka8 66. Qc5 Kb7
67. a5 Ka8 68. b5 Kb8 69. Kc6 Ka8 70. b6 Kb8 71. Qf8# 1-0

[Event "Lichtenberger Sommer 2017"]
[Site "Berlin"]
[Date "2017.08.26"]
[Round "8.99"]
[White "Polatel, Nur"]
[Black "Kretzschmar, Gerald"]
[Result "1-0"]
[WhiteElo "1355"]
[BlackElo "1360"]
[PlyCount "69"]
[EventDate "2017.??.??"]
[WhiteTeam "SC Zugzwang 95 (Berlin)"]
[BlackTeam "USV Halle"]

1. e4 c6 2. d4 d5 3. e5 Bf5 4. Nf3 c5 5. c3 e6 6. Be2 a6 7. O-O Qc7 8. Nh4 Ne7
9. Bg5 Nbc6 10. Na3 h6 11. Be3 Bh7 12. f4 Nf5 13. Nxf5 Bxf5 14. g4 Bh7 15. f5
exf5 16. gxf5 O-O-O 17. Bg4 Kb8 18. Bf4 g5 19. Bg3 f6 20. e6 Bd6 21. Bxd6 Qxd6
22. Qd2 h5 23. Bd1 h4 24. Nc2 Ne7 25. Ne3 g4 26. Bxg4 Rdg8 27. Kh1 Nxf5 28.
Nxf5 Bxf5 29. Bxf5 Rg3 30. Rg1 c4 31. Raf1 Rh5 32. Qf4 Kc7 33. Qxd6+ Kxd6 34.
hxg3 hxg3+ 35. Kg2 1-0

[Event "Lichtenberger Sommer 2017"]
[Site "Berlin"]
[Date "2017.08.26"]
[Round "8.100"]
[White "Fontaine, Constantin"]
[Black "Lange, Johannes Friedrich"]
[Result "1/2-1/2"]
[WhiteElo "1519"]
[BlackElo "1545"]
[PlyCount "120"]
[EventDate "2017.??.??"]
[WhiteTeam "SK Tempelhof 1931"]
[BlackTeam "TSG Oberschöneweide"]

1. e4 e5 2. Nf3 Nc6 3. Bc4 Bc5 4. Nc3 Nf6 5. Ng5 O-O 6. d3 d6 7. h3 h6 8. Nf3
Re8 9. O-O Be6 10. Nd5 Nb4 11. Nxf6+ Qxf6 12. Bxe6 Rxe6 13. c3 Nc6 14. b4 Bb6
15. a4 a6 16. a5 Ba7 17. Bd2 Ne7 18. Qa4 c6 19. c4 b5 20. axb6 Bxb6 21. b5 cxb5
22. cxb5 a5 23. Qb3 d5 24. exd5 Rd6 25. Be3 Bxe3 26. fxe3 Nxd5 27. Nd2 Qg5 28.
Nc4 Nxe3 29. Nxe3 Qxe3+ 30. Kh1 Rf6 31. Qd5 Rxf1+ 32. Rxf1 Rf8 33. Qd6 Qd4 34.
Qxd4 exd4 35. Rf4 Rb8 36. Rxd4 Rxb5 37. Ra4 Kf8 38. Kg1 Rf5 39. g4 Rd5 40. Kg2
Ke7 41. d4 Kd7 42. Kf3 Ke6 43. Rc4 Rd6 44. Ke4 Ra6 45. d5+ Kd6 46. Ra4 g6 47.
Ra1 a4 48. Rf1 Ke7 49. Ke5 a3 50. Ra1 f6+ 51. Kd4 Kd6 52. Ra2 Ra4+ 53. Kc3 Kxd5
54. Kb3 Ra8 55. Rd2+ Ke4 56. Ka2 f5 57. Rd6 fxg4 58. Rxg6 gxh3 59. Rxh6 Rd8 60.
Rxh3 Rd2+ 1/2-1/2

[Event "Lichtenberger Sommer 2017"]
[Site "Berlin"]
[Date "2017.08.26"]
[Round "8.102"]
[White "Dittrich, Hans-Juergen"]
[Black "Petersen, Sophie"]
[Result "0-1"]
[WhiteElo "1305"]
[BlackElo "1437"]
[PlyCount "66"]
[EventDate "2017.??.??"]
[WhiteTeam "SC Eintracht Berlin"]
[BlackTeam "SV Rüdersdorf"]

1. d4 d5 2. Bf4 Nf6 3. Nd2 c5 4. dxc5 Nc6 5. c3 e5 6. Bg3 Bxc5 7. Ngf3 Bd6 8.
e3 a6 9. Be2 O-O 10. O-O Bf5 11. Ne1 Qb6 12. a4 a5 13. b3 Rfe8 14. Bh4 Be7 15.
h3 Rac8 16. Bb5 Red8 17. Nef3 e4 18. Nd4 Nxd4 19. cxd4 Bg6 20. Rc1 Ba3 21. Rxc8
Rxc8 22. Nb1 Bb4 23. Bxf6 Qxf6 24. Bd7 Rc7 25. Bg4 Bf5 26. Bxf5 Qxf5 27. Qe2 h6
28. Qb2 Rc6 29. Rc1 Rg6 30. g4 Qf3 31. Nd2 Qxh3 32. Nf1 Rxg4+ 33. Ng3 Bd6 0-1

[Event "Lichtenberger Sommer 2017"]
[Site "Berlin"]
[Date "2017.08.26"]
[Round "8.103"]
[White "Chung, Nicholas"]
[Black "Abraham, Helmut"]
[Result "0-1"]
[WhiteElo "1417"]
[BlackElo "1488"]
[PlyCount "74"]
[EventDate "2017.??.??"]
[WhiteTeam "TuS Makkabi Berlin"]
[BlackTeam "SC Kreuzberg"]

1. d3 c5 2. Nf3 Nc6 3. g3 d5 4. Bg2 Nf6 5. Bg5 Bf5 6. Nbd2 e6 7. c4 Be7 8. O-O
O-O 9. a3 a5 10. Qb3 h6 11. Bf4 dxc4 12. Qxb7 Qd7 13. Qxd7 Nxd7 14. Nxc4 Bf6
15. Rad1 Ra6 16. e3 Re8 17. d4 Bg4 18. dxc5 e5 19. Rd6 exf4 20. Nd4 f3 21. Bxf3
Bxf3 22. Nxf3 Nxc5 23. Nxa5 Nb8 24. Rxa6 Nbxa6 25. b4 Na4 26. Nd4 Rc8 27. Nac6
Nc7 28. Nf5 Kf8 29. Rd1 Nb5 30. Nfd4 Nxa3 31. Ra1 Rxc6 32. Rxa3 Ra6 33. Kf1 Be7
34. Nc2 Ke8 35. Ke2 Bf6 36. Kd2 Rd6+ 37. Kc1 Bb2+ 0-1